| 000 | 01769nam1a2200277 i 4500 | ||
|---|---|---|---|
| 001 | RU\NLR\bibl\1825524 | ||
| 005 | 20241115072417.0 | ||
| 035 | _a(NLR Aleph) 001816054 | ||
| 090 |
_a1939422 _c1939422 |
||
| 100 | _a20111027g20099999u y0rusy50 ca | ||
| 101 | 0 |
_arus _ager |
|
| 102 | _aRU | ||
| 105 | _a||||z ||||| | ||
| 200 | 1 |
_aТеория обучения иностранным языкам (первый иностранный язык, немецкий) _e[учебно-методический комплекс студентам 4 курса, обучающихся по направлению 620100 "Лингвистика и межкультурная коммуникация", специальности 031201 "Теория и методика преподавания иностранных языков и культур" _eв 2 ч.] _fЕ.С. Потрикеева _gМ-во образования и науки Рос. Федерации, Федер. агентство по образованию, ГОУ ВПО "Магнитогор. гос. ун-т" |
|
| 210 |
_aМагнитогорск _cИзд-во Магнитогорского государственного университета _d2009 |
||
| 215 | _d20 | ||
| 300 | _aНа обороте тит. л. авт.: к.п.н., доц. Е.С. Потрикеева | ||
| 463 | 0 | _10011666192 | |
| 606 |
_aНемецкий язык _jУчебные издания _xПреподавание _xСредняя школа _92138300 _3RU\NLR\auth\661289141 |
||
| 686 | _aЧ426.179Нем2(2)я7 | ||
| 700 | 1 |
_aПотрикеева _bЕ. С. _gЕлена Сергеевна _4070 |
|
| 801 | 0 |
_aRU _bNLR _c20111027 _gRCR |
|
| 801 | 1 |
_aRU _bNLR _c20111027 |
|
| 852 |
_aNLR _j2010-3/27904 |
||
| 942 | _cBOOK | ||